| 000 | 00536nam a2200145Ia 4500 | ||
|---|---|---|---|
| 008 | 151213s9999 xx 000 0 und d | ||
| 100 | _aআবুল কালাম তআজাদ। | ||
| 245 |
_aকুসুম গন্ধে কান্না। _cআবুল কালাম তআজাদ। |
||
| 260 |
_aঢাকা _bফাহরা প্রিন্টিং। _c1995 |
||
| 300 | _a8649 p. | ||
| 650 | _aBangla | ||
| 650 | _aগল্প। | ||
| 700 | _aআবুল কালাম তআজাদ। | ||
| 999 |
_c4436 _d4436 |
||